Defects in housing Part 1: non-traditional dwellings of the 1940`s and 1950`s. (Record no. 94428)

MARC details
000 -LEADER
fixed length control field 00480cam a2200181 4500
001 - CONTROL NUMBER
control field D1091
008 - FIXED-LENGTH DATA ELEMENTS--GENERAL INFORMATION
fixed length control field 090401t1983 xxu||||| |||| 00| 0 eng d
035 ## - SYSTEM CONTROL NUMBER
System control number (Sirsi) u62510
041 ## - LANGUAGE CODE
Language code of text/sound track or separate title eng
050 ## - LIBRARY OF CONGRESS CALL NUMBER
Classification number 690.25
110 ## - MAIN ENTRY--CORPORATE NAME
Corporate name or jurisdiction name as entry element Association of Metropolitan Authorities
9 (RLIN) 1383
245 ## - TITLE STATEMENT
Title Defects in housing Part 1: non-traditional dwellings of the 1940`s and 1950`s.
260 ## - PUBLICATION, DISTRIBUTION, ETC.
Place of publication, distribution, etc. London
Name of publisher, distributor, etc. AMA
Date of publication, distribution, etc. 1983
300 ## - PHYSICAL DESCRIPTION
Extent 33p. 30cm
350 ## - PRICE (NR) (BK AM CF MU VM SE) [OBSOLETE]
Price 5
942 ## - ADDED ENTRY ELEMENTS (KOHA)
Suppress in OPAC 0
948 ## - LOCAL PROCESSING INFORMATION (OCLC); SERIES PART DESIGNATOR (RLIN)
c (OCLC) 04/03/1997
Holdings
Withdrawn status Lost status Source of classification or shelving scheme Damaged status Not for loan Home library Current library Shelving location Date acquired Cost, normal purchase price Total Checkouts Full call number Barcode Date last seen Date last checked out Copy number Cost, replacement price Price effective from Koha item type
    Dewey Decimal Classification     London London Folio 14/09/1999 5.00 12 F690.25 30018127 06/08/2019 10/01/2007 1 5.00 06/08/2019 Book